| 000 | 00618nam a2200181Ia 4500 | ||
|---|---|---|---|
| 005 | 20250423100638.0 | ||
| 008 | 250422s9999 xx 000 0 und d | ||
| 020 | _a9780821347218 | ||
| 050 | _aHE 193 .P75/ | ||
| 100 | _aEdited by Antonio Estache & Gines de Rus | ||
| 245 | 0 | _aPrivatization and regulation of transport infrastructure: guideline for policymakers and regulation | |
| 260 | _aWashing, DC. | ||
| 260 | _bThe World Bank | ||
| 260 | _c2000 | ||
| 300 | _a316 p | ||
| 650 | _a Transportation--Planning. Transportation and state. Transportation--Deregulation. Privatization. Competition. | ||
| 942 | _cBK | ||
| 999 |
_c33930 _d33930 |
||